000 00530nam a22001697a 4500
003 PILC
005 20150819150114.0
008 130222t xxu||||| |||| 00| 0 eng d
020 _a0521628636
050 _aPE 1128
_b.R514 1998
082 _aP 428.24
_bR39v1 1998
100 _aRichards, Jack C.
_91426
245 _aNew interchange :
_bvideo teachers guide /
_cJack C. Richards and Chuck Sandy.
260 _aNew York :
_bCambridge University Press,
_c1998.
300 _a113 pages :
_c28 cm.
_billustration ;
942 _2lcc
_cBK
999 _c288411
_d288411